000 00514nam a2200193Ia 4500
003 OSt
005 20240527102025.0
008 210210b1990 xxu||||| |||| 00| 0 eng d
040 _cAL
041 _aKannada
082 _aK894.3 SAYV
100 _aSAYISUTE.
_989382
_dಸಾಯಿಸುತೆ
245 _aVasantada chiguru.
_bವಸಂತದ ಚಿಗುರು
260 _aBengaluru
_bVasavamba Prakashana
_c1990
300 _a260
690 _aKannada Fiction
_989383
906 _a035942
942 _2ddc
_cBK
999 _c86500
_d86500